[Event "DEM U14 2005"]
[Site "Willingen GER"]
[Date "2005.05.15"]
[Round "2"]
[White "Hirneise, Jens"]
[Black "Zahn, Benno"]
[Result "1-0"]
[Termination "normal"]
[Board "11"]
[WhiteElo "1958"]
[BlackElo "1677"]
[PlyCount "121"]
[WhiteFideId "24614734"]
[BlackFideId "24636070"]
[EventCountry "GER"]
[EventRounds "9"]
[EventType "swiss"]
[EventDate "2005.05.15"]

1. e4 c5 2. Nf3 Nc6 3. d4 cxd4 4. Nxd4 d6 5. Nc3 g6 6. Be3 Bg7 7. Bc4 Nf6 8. f3
a6 9. Qd2 Qc7 10. Bb3 b5 11. O-O-O Bd7 12. g4 O-O 13. h4 Na5 14. g5 Nxb3+ 15.
Nxb3 Nh5 16. Nd5 Qd8 17. Bb6 Qe8 18. Nc7 Qb8 19. Nxa8 Qxa8 20. Bd4 Rc8 21. Bxg7
Nxg7 22. Kb1 Ne6 23. h5 Nc5 24. Nxc5 Rxc5 25. hxg6 fxg6 26. Qh2 h5 27. gxh6 Kh7
28. Rxd6 Rh5 29. Rxd7 Rxh2 30. Rxe7+ Kxh6 31. Rxh2+ Kg5 32. Rd7 Qc6 33. Rg2+
Kf4 34. Rd3 Qe6 35. Rg4+ Ke5 36. Rd5+ Kf6 37. Rdg5 Kf7 38. Rxg6 Qc4 39. Rg1 Qe2
40. R6g3 Ke6 41. b3 b4 42. f4 Qxe4 43. Rg6+ Kf7 44. Rxa6 Qe3 45. Rd1 Qe2 46.
Rad6 Qe3 47. R6d4 Qe2 48. R1d3 Kf6 49. Kb2 Qe1 50. Rc4 Kf5 51. Rdd4 Kg4 52.
Rxb4 Kf3 53. f5 Qe5 54. f6 Kg3 55. f7 Qf6 56. f8=Q Qxf8 57. Rg4+ Kh3 58. Rh4+
Kg3 59. Rbg4+ Kf3 60. Rf4+ Qxf4 61. Rxf4+ 1-0

[Event "DEM U14 2005"]
[Site "Willingen GER"]
[Date "2005.05.15"]
[Round "2"]
[White "Jacobi, Robin"]
[Black "Strathoff, Jens"]
[Result "1-0"]
[Termination "normal"]
[Board "12"]
[WhiteElo "1622"]
[BlackElo "1805"]
[PlyCount "81"]
[WhiteFideId "24646962"]
[BlackFideId "4699084"]
[EventCountry "GER"]
[EventRounds "9"]
[EventType "swiss"]
[EventDate "2005.05.15"]

1. e4 e5 2. Nf3 Nc6 3. Bb5 a6 4. Ba4 Nf6 5. Qe2 Be7 6. c3 b5 7. Bb3 d6 8. O-O
Na5 9. Bc2 c5 10. Rd1 O-O 11. d3 Nc6 12. Nbd2 Re8 13. Nf1 Bf8 14. Bg5 h6 15.
Bh4 Be7 16. Bxf6 Bxf6 17. Ne3 g6 18. Nd5 Bg7 19. b4 Ne7 20. Bb3 Nxd5 21. Bxd5
Ra7 22. Qe3 Qe7 23. a4 Qc7 24. Rdc1 Be6 25. c4 Bxd5 26. cxd5 Rc8 27. Rc2 Qe7
28. bxc5 dxc5 29. d6 Qxd6 30. axb5 Qb6 31. bxa6 Rxa6 32. Rxa6 Qxa6 33. h3 c4
34. Qc1 f5 35. Rxc4 Rd8 36. exf5 gxf5 37. Qc2 Kh7 38. Rc7 Qa3 39. Rxg7+ Kxg7
40. Qc7+ Kg6 41. Nh4+ 1-0

[Event "DEM U14 2005"]
[Site "Willingen GER"]
[Date "2005.05.15"]
[Round "2"]
[White "Schubert, Sven"]
[Black "Völsgen, Georg"]
[Result "1-0"]
[Termination "normal"]
[Board "13"]
[WhiteElo "1788"]
[BlackElo "1562"]
[PlyCount "103"]
[WhiteFideId "24630551"]
[BlackFideId "24635901"]
[EventCountry "GER"]
[EventRounds "9"]
[EventType "swiss"]
[EventDate "2005.05.15"]

1. e4 e5 2. Nf3 Nc6 3. d4 exd4 4. Nxd4 Bc5 5. Be3 Qf6 6. c3 Nge7 7. Nc2 Bb6 8.
g3 O-O 9. Bg2 d6 10. O-O Ng6 11. Nd2 Nge5 12. Bxb6 axb6 13. Ne3 Ne7 14. Qc2 Ng4
15. Nxg4 Bxg4 16. h3 Be6 17. a3 Qh6 18. h4 Nc6 19. Nf3 Qg6 20. Qe2 Bg4 21. Qe3
Rfe8 22. Nh2 Bd7 23. Qd2 Ne5 24. f4 Nc4 25. Qf2 Bc6 26. f5 Qf6 27. Ng4 Qd8 28.
f6 g6 29. Qf4 Re6 30. Nh6+ Kf8 31. Rae1 Nxb2 32. Ng4 Kg8 33. Bh3 Nd3 34. Qd2
Nxe1 35. Nh6+ Kf8 36. Bxe6 fxe6 37. Ng4 Kf7 38. Rxe1 Rxa3 39. Ne5+ Kg8 40. f7+
Kg7 41. Rf1 Qf8 42. Nxc6 bxc6 43. Qf4 h5 44. g4 hxg4 45. h5 gxh5 46. Qg5+ Kh7
47. Qxh5+ Kg7 48. Qxg4+ Kh7 49. Qh5+ Kg7 50. Rf4 Ra1+ 51. Kg2 Ra2+ 52. Kg3 1-0

[Event "DEM U14 2005"]
[Site "Willingen GER"]
[Date "2005.05.16"]
[Round "3"]
[White "Jorczik, Julian"]
[Black "Kim, Oi-sin"]
[Result "1/2-1/2"]
[Termination "normal"]
[Board "1"]
[WhiteElo "2162"]
[BlackElo "2056"]
[PlyCount "78"]
[WhiteFideId "24611719"]
[BlackFideId "24605778"]
[EventCountry "GER"]
[EventRounds "9"]
[EventType "swiss"]
[EventDate "2005.05.15"]

1. d4 Nf6 2. c4 e6 3. Nf3 Bb4+ 4. Bd2 Bxd2+ 5. Nbxd2 d5 6. e3 Nbd7 7. Bd3 O-O
8. O-O dxc4 9. Nxc4 b6 10. Rc1 Bb7 11. Nce5 c5 12. Nxd7 Nxd7 13. Qc2 h6 14.
Rfd1 Qe7 15. Bb5 cxd4 16. Bxd7 Qxd7 17. Rxd4 Qb5 18. Qd2 Rac8 19. Rd1 Bc6 20.
Rg4 Bxf3 21. gxf3 Qf5 22. Rg3 Rc2 23. Qd4 e5 24. Qd6 g6 25. e4 Qf4 26. Qa3 Rc1
27. Qb3 Rxd1+ 28. Qxd1 Rc8 29. Kg2 h5 30. Qd5 Kg7 31. Qd3 Rc1 32. b4 Ra1 33.
Qd5 h4 34. Rg4 h3+ 35. Kxh3 Qxf3+ 36. Rg3 Qxf2 37. Qxe5+ Qf6 38. Qxf6+ Kxf6 39.
Ra3 Re1 1/2-1/2

[Event "DEM U14 2005"]
[Site "Willingen GER"]
[Date "2005.05.16"]
[Round "3"]
[White "Kaczmarczyk, Dennis"]
[Black "Huschenbeth, Niclas"]
[Result "1/2-1/2"]
[Termination "normal"]
[Board "2"]
[WhiteElo "1986"]
[BlackElo "2115"]
[PlyCount "83"]
[WhiteFideId "24608297"]
[BlackFideId "24604747"]
[EventCountry "GER"]
[EventRounds "9"]
[EventType "swiss"]
[EventDate "2005.05.15"]

1. d4 d5 2. Bg5 Nf6 3. Bxf6 exf6 4. e3 Bd6 5. c4 dxc4 6. Bxc4 f5 7. Nf3 O-O 8.
O-O Nd7 9. Nc3 c6 10. a3 Nf6 11. Qc2 Bc7 12. b4 Qd6 13. g3 b6 14. Rfc1 g6 15.
Bf1 Be6 16. Nb5 cxb5 17. Qxc7 Qxc7 18. Rxc7 a5 19. Rcc1 axb4 20. axb4 Ra4 21.
Rab1 Nd5 22. Bxb5 Rxb4 23. Rxb4 Nxb4 24. Rb1 Nd5 25. Bc6 Rb8 26. Bxd5 Bxd5 27.
Ne5 Rb7 28. Rb5 Be4 29. f3 Bc2 30. Nc4 Bd1 31. Rxb6 Rxb6 32. Nxb6 Bxf3 33. Kf2
Be4 34. Ke2 Kf8 35. Kd2 Ke7 36. Kc3 Kd6 37. Nc4+ Kd5 38. Ne5 f6 39. Nd7 Ke6 40.
Nc5+ Kd5 41. Nd7 Ke6 42. Nc5+ 1/2-1/2

[Event "DEM U14 2005"]
[Site "Willingen GER"]
[Date "2005.05.16"]
[Round "3"]
[White "Savchenko, Aleksij"]
[Black "Bogner, Sebastian"]
[Result "0-1"]
[Termination "normal"]
[Board "3"]
[WhiteElo "2026"]
[BlackElo "2409"]
[PlyCount "98"]
[WhiteFideId "24611727"]
[BlackFideId "4692055"]
[EventCountry "GER"]
[EventRounds "9"]
[EventType "swiss"]
[EventDate "2005.05.15"]

1. d4 Nf6 2. c4 e6 3. Nc3 Bb4 4. f3 d5 5. e3 O-O 6. a3 Bxc3+ 7. bxc3 c6 8. cxd5
cxd5 9. Bd3 b6 10. Ne2 Ba6 11. O-O Bxd3 12. Qxd3 Qc8 13. e4 Qa6 14. Qc2 Nc6 15.
e5 Nd7 16. f4 f5 17. exf6 Nxf6 18. Ng3 Qc4 19. Be3 g6 20. Rad1 Ne7 21. Rfe1 Nf5
22. Bf2 Nxg3 23. Bxg3 Ne4 24. Rxe4 dxe4 25. Qxe4 Qd5 26. Qd3 Rac8 27. Re1 Qf5
28. Qf3 Qd5 29. Qd3 Rc6 30. Re5 Qc4 31. Qe4 Rf5 32. Be1 Rxe5 33. Qxe5 Rc8 34.
g4 Qd5 35. Qe3 b5 36. Bd2 Rc6 37. f5 Rc7 38. Qxe6+ Qxe6 39. fxe6 Rc6 40. Kf2
Rxe6 41. Be3 Rc6 42. Bd2 Rf6+ 43. Ke2 Kf7 44. h4 Ke6 45. Bg5 Rf7 46. Bd2 Kd5
47. Kd3 Rf3+ 48. Kc2 Rh3 49. Be1 Kc4 0-1

[Event "DEM U14 2005"]
[Site "Willingen GER"]
[Date "2005.05.16"]
[Round "3"]
[White "Heimann, Andreas"]
[Black "Geske, Julian"]
[Result "0-1"]
[Termination "normal"]
[Board "4"]
[WhiteElo "2119"]
[BlackElo "2047"]
[PlyCount "100"]
[WhiteFideId "24624632"]
[BlackFideId "24605263"]
[EventCountry "GER"]
[EventRounds "9"]
[EventType "swiss"]
[EventDate "2005.05.15"]

1. e4 e5 2. Nf3 Nc6 3. Bc4 Nf6 4. d4 exd4 5. e5 d5 6. Bb5 Ne4 7. Nxd4 Bc5 8.
Be3 Bd7 9. Bxc6 bxc6 10. O-O Qe7 11. Re1 O-O 12. f3 Ng5 13. f4 Ne4 14. Nd2 f5
15. Nxe4 fxe4 16. Qd2 a5 17. Qf2 Qf7 18. Rf1 a4 19. h3 h5 20. Kh2 Bb6 21. e6
Bxe6 22. Nxc6 Qf6 23. Bxb6 cxb6 24. Ne5 Rac8 25. a3 e3 26. Qxe3 Rxc2 27. Qxb6
Rxg2+ 28. Kh1 Rg3 29. Rf3 Bg4 30. Rxg3 Qxb6 31. hxg4 Rxf4 32. Rag1 h4 33. Rh3
g5 34. Rc3 Qe6 35. Re1 Re4 36. Rxe4 dxe4 37. Rc5 e3 38. Kg2 h3+ 39. Kxh3 e2 40.
Nf3 Qe3 41. Rc1 Kf7 42. Kg2 e1=Q 43. Nxe1 Qxe1 44. Rc3 Qe2+ 45. Kg3 Ke6 46. Rf3
Qxb2 47. Re3+ Kd5 48. Kf3 Kd4 49. Re1 Qc3+ 50. Kf2 Qxa3 0-1

[Event "DEM U14 2005"]
[Site "Willingen GER"]
[Date "2005.05.16"]
[Round "3"]
[White "Zeldin, Leonid"]
[Black "Seyb, Alexander"]
[Result "1/2-1/2"]
[Termination "normal"]
[Board "5"]
[WhiteElo "1917"]
[BlackElo "2061"]
[PlyCount "31"]
[WhiteFideId "24636088"]
[BlackFideId "4699033"]
[EventCountry "GER"]
[EventRounds "9"]
[EventType "swiss"]
[EventDate "2005.05.15"]

1. d4 Nf6 2. c4 c5 3. e3 g6 4. Nf3 Bg7 5. Nc3 O-O 6. Be2 d6 7. O-O Nbd7 8. Qc2
b6 9. b3 Bb7 10. Bb2 Rc8 11. d5 a6 12. a4 Ne5 13. Nxe5 dxe5 14. e4 Ne8 15. Bg4
Rb8 16. Ne2 1/2-1/2

[Event "DEM U14 2005"]
[Site "Willingen GER"]
[Date "2005.05.16"]
[Round "3"]
[White "Colpe, Malte"]
[Black "Müller, Reinhold"]
[Result "0-1"]
[Termination "normal"]
[Board "6"]
[WhiteElo "1962"]
[BlackElo "2122"]
[PlyCount "112"]
[WhiteFideId "24623075"]
[BlackFideId "24605875"]
[EventCountry "GER"]
[EventRounds "9"]
[EventType "swiss"]
[EventDate "2005.05.15"]

1. d4 Nf6 2. c4 c5 3. d5 d6 4. Nc3 g6 5. e4 Bg7 6. Bd3 O-O 7. h3 e6 8. Nf3 exd5
9. cxd5 Na6 10. O-O Nc7 11. a4 b6 12. Bf4 a6 13. Re1 Re8 14. Nd2 Nh5 15. Bh2
Be5 16. Bxe5 Rxe5 17. Nf3 Re8 18. e5 dxe5 19. Rxe5 Rxe5 20. Nxe5 Nf4 21. Be4
Qg5 22. d6 Bxh3 23. g3 Rd8 24. Qf3 Nce6 25. Nc4 Nh5 26. Bc6 Nf6 27. Ne4 Nxe4
28. Qxe4 Qf5 29. Re1 Qxe4 30. Rxe4 Nd4 31. Re8+ Rxe8 32. Bxe8 b5 33. Ne5 Kf8
34. d7 Ke7 35. g4 f6 36. Nf7 Nc6 37. g5 fxg5 38. axb5 axb5 39. Nxg5 Bxd7 40.
Bxd7 Kxd7 41. Nxh7 Nb4 42. Nf8+ Kd6 43. Nxg6 Nd3 44. b3 b4 45. Kf1 c4 46. Ke2
Nc1+ 47. Kd1 Nxb3 48. Nf4 Nd4 49. Ng2 c3 50. Kc1 b3 51. Ne3 Kc5 52. f4 b2+ 53.
Kb1 Nb3 54. Kc2 Nd2 55. Kxc3 b1=Q 56. Kxd2 Qb4+ 0-1

[Event "DEM U14 2005"]
[Site "Willingen GER"]
[Date "2005.05.16"]
[Round "3"]
[White "Schätz, Christopher"]
[Black "Zehnter, Sebastian"]
[Result "0-1"]
[Termination "normal"]
[Board "7"]
[WhiteElo "1749"]
[BlackElo "2033"]
[PlyCount "84"]
[WhiteFideId "24623997"]
[BlackFideId "24608670"]
[EventCountry "GER"]
[EventRounds "9"]
[EventType "swiss"]
[EventDate "2005.05.15"]

1. e4 c5 2. Nf3 e6 3. d4 cxd4 4. Nxd4 a6 5. Nc3 Qc7 6. Be2 Nf6 7. a3 d6 8. O-O
Be7 9. Bg5 Nbd7 10. f4 b5 11. Bf3 Bb7 12. Qe1 h6 13. Bh4 g5 14. fxg5 hxg5 15.
Bxg5 d5 16. h3 Bc5 17. Rd1 Qb6 18. Be3 e5 19. Nf5 Bxe3+ 20. Qxe3 d4 21. Qf2
dxc3 22. Qxb6 Nxb6 23. Nd6+ Ke7 24. Nxb7 cxb2 25. Rb1 Na4 26. Na5 Rac8 27. Rf2
Rc3 28. Nb3 Rhc8 29. Bd1 Nxe4 30. Re2 Nd6 31. Rxe5+ Kf6 32. Re1 Nc4 33. Rf1+
Kg7 34. Bg4 Rd8 35. Bf5 Nxa3 36. h4 Nxb1 37. Rxb1 Rd6 38. g4 Rdc6 39. Nd4 R6c4
40. Ne2 Rxc2 41. Bxc2 Rxc2 42. Kf1 Rxe2 0-1

[Event "DEM U14 2005"]
[Site "Willingen GER"]
[Date "2005.05.16"]
[Round "3"]
[White "Korman, Maxim"]
[Black "Hirneise, Jens"]
[Result "1/2-1/2"]
[Termination "normal"]
[Board "8"]
[WhiteElo "1999"]
[BlackElo "1958"]
[PlyCount "72"]
[WhiteFideId "24619787"]
[BlackFideId "24614734"]
[EventCountry "GER"]
[EventRounds "9"]
[EventType "swiss"]
[EventDate "2005.05.15"]

1. e4 c5 2. b3 Nc6 3. Bb2 e5 4. Nc3 d6 5. Bb5 a6 6. Bxc6+ bxc6 7. Nge2 g6 8.
O-O Bg7 9. f4 Ne7 10. Na4 f6 11. Kh1 O-O 12. d3 Be6 13. Ng3 exf4 14. Rxf4 Nc8
15. Qf1 Qe7 16. Re1 Rb8 17. Nf5 Bxf5 18. exf5 Qf7 19. Rfe4 Rb7 20. fxg6 hxg6
21. Qe2 f5 22. Bxg7 Kxg7 23. Re6 Rd8 24. c4 Qf8 25. Qb2+ Kh7 26. R1e3 Qg7 27.
Rh3+ Kg8 28. Rxg6 Qxg6 29. Qh8+ Kf7 30. Qxd8 Re7 31. Kg1 Re1+ 32. Kf2 Re2+ 33.
Kxe2 Qxg2+ 34. Ke1 Qg1+ 35. Ke2 Qg2+ 36. Ke1 Qg1+ 1/2-1/2

[Event "DEM U14 2005"]
[Site "Willingen GER"]
[Date "2005.05.16"]
[Round "3"]
[White "Nuber, Blasius"]
[Black "Schubert, Sven"]
[Result "1/2-1/2"]
[Termination "normal"]
[Board "9"]
[WhiteElo "1996"]
[BlackElo "1788"]
[PlyCount "109"]
[WhiteFideId "24620289"]
[BlackFideId "24630551"]
[EventCountry "GER"]
[EventRounds "9"]
[EventType "swiss"]
[EventDate "2005.05.15"]

1. e4 e6 2. d4 d5 3. e5 c5 4. c3 Qb6 5. Nf3 Nc6 6. h3 cxd4 7. cxd4 Nge7 8. Nc3
Nf5 9. Na4 Qd8 10. b4 Be7 11. Bb2 O-O 12. Bd3 f6 13. O-O fxe5 14. Nxe5 Nxe5 15.
dxe5 Bd7 16. Rc1 Qe8 17. Nc5 Bxc5 18. Rxc5 Rc8 19. Qc2 Qh5 20. b5 Nh4 21. f3
Rxc5 22. Qxc5 Qg5 23. Qc2 Rxf3 24. Bxh7+ Kh8 25. Bd3 Qe3+ 26. Rf2 Nxg2 27. Qe2
Qxf2+ 28. Qxf2 Rxf2 29. Kxf2 Nf4 30. Bf1 Bc8 31. Ke3 Ng6 32. Bd4 a6 33. b6 Ne7
34. Bc5 Nc6 35. Bd6 Kh7 36. Bd3+ g6 37. Kf4 Kh6 38. Kg4 Bd7 39. Bf8+ Kh7 40.
Kf4 Bc8 41. h4 Kg8 42. Bd6 Kg7 43. Kg5 Nd8 44. Bxg6 Nf7+ 45. Bxf7 Kxf7 46. h5
d4 47. h6 d3 48. Bb4 Bd7 49. h7 Kg7 50. h8=Q+ Kxh8 51. Kf6 Kg8 52. Ke7 Bc6 53.
Kxe6 d2 54. Bxd2 Kf8 55. Bg5 1/2-1/2

[Event "DEM U14 2005"]
[Site "Willingen GER"]
[Date "2005.05.16"]
[Round "3"]
[White "Fink, Leander"]
[Black "Jacobi, Robin"]
[Result "1-0"]
[Termination "normal"]
[Board "10"]
[WhiteElo "1967"]
[BlackElo "1622"]
[PlyCount "65"]
[WhiteFideId "24605247"]
[BlackFideId "24646962"]
[EventCountry "GER"]
[EventRounds "9"]
[EventType "swiss"]
[EventDate "2005.05.15"]

1. e4 c5 2. Nf3 Nc6 3. d4 cxd4 4. Nxd4 g6 5. c4 Bg7 6. Be3 Nf6 7. Nc3 O-O 8.
Be2 d6 9. Qd2 Bd7 10. f3 a5 11. O-O Nxd4 12. Bxd4 Bc6 13. Rfd1 Nd7 14. Be3 a4
15. Rac1 Nc5 16. Bf1 Qb6 17. Qf2 Rfc8 18. Rc2 Qa5 19. Ne2 Na6 20. Bb6 Qb4 21.
a3 Bd4 22. Qxd4 Qb3 23. Rdd2 e5 24. Qd3 Nc5 25. Bxc5 dxc5 26. Qxb3 axb3 27. Rc3
b5 28. Rxb3 bxc4 29. Rc3 Ba4 30. Ng3 Rd8 31. Rxd8+ Rxd8 32. Rxc4 Rd4 33. Rxc5
1-0

[Event "DEM U14 2005"]
[Site "Willingen GER"]
[Date "2005.05.16"]
[Round "3"]
[White "Brüggemann, Florian"]
[Black "Eibl, Maximilian"]
[Result "0-1"]
[Termination "normal"]
[Board "11"]
[WhiteElo "1626"]
[BlackElo "1843"]
[PlyCount "88"]
[WhiteFideId "24645567"]
[BlackFideId "24620092"]
[EventCountry "GER"]
[EventRounds "9"]
[EventType "swiss"]
[EventDate "2005.05.15"]

1. e4 c5 2. Nf3 d6 3. d4 cxd4 4. Nxd4 Nf6 5. Nc3 a6 6. a4 e6 7. Be2 Qc7 8. O-O
b6 9. f4 Be7 10. Bf3 Bb7 11. Be3 Nbd7 12. Qd2 O-O 13. Qf2 Nc5 14. e5 dxe5 15.
fxe5 Nfe4 16. Nxe4 Nxe4 17. Bxe4 Bxe4 18. Nf3 Qxc2 19. Bxb6 Rfc8 20. Bd4 Qxf2+
21. Rxf2 Rc4 22. Rd2 Bxf3 23. gxf3 Rxd4 24. Rxd4 Bc5 25. Rad1 Rd8 26. Kf1 Rxd4
27. Rxd4 Bxd4 28. b4 Bxe5 29. h3 Kf8 30. Ke2 Ke7 31. Kd3 f5 32. Kc4 Kd6 33. b5
axb5+ 34. Kxb5 Bd4 35. f4 h6 36. h4 e5 37. fxe5+ Kxe5 38. h5 f4 39. a5 f3 40.
Ka6 f2 41. Kb7 f1=Q 42. a6 Qb5+ 43. Ka8 Qb6 44. a7 Qxa7# 0-1

[Event "DEM U14 2005"]
[Site "Willingen GER"]
[Date "2005.05.16"]
[Round "3"]
[White "Strathoff, Jens"]
[Black "Bart, Simon"]
[Result "1-0"]
[Termination "normal"]
[Board "12"]
[WhiteElo "1805"]
[BlackElo "1474"]
[PlyCount "61"]
[WhiteFideId "4699084"]
[BlackFideId "24637327"]
[EventCountry "GER"]
[EventRounds "9"]
[EventType "swiss"]
[EventDate "2005.05.15"]

1. e4 e5 2. Nf3 Nc6 3. Bc4 Bc5 4. c3 Nf6 5. d4 exd4 6. O-O d6 7. cxd4 Bb6 8.
Nc3 h6 9. h3 O-O 10. Bf4 Nxe4 11. Bd3 Nxc3 12. bxc3 Qf6 13. Be3 Bf5 14. Bxf5
Qxf5 15. Nh4 Qf6 16. Qg4 Ne7 17. c4 Ng6 18. Nf5 Kh7 19. Rab1 Ne7 20. Nh4 Rab8
21. c5 Ba5 22. cxd6 Qxd6 23. Nf5 Nxf5 24. Qxf5+ g6 25. Qxa5 b6 26. Qxa7 Ra8 27.
Qb7 Rxa2 28. Rfc1 c5 29. dxc5 bxc5 30. Bxc5 Qd2 31. Qe7 1-0

[Event "DEM U14 2005"]
[Site "Willingen GER"]
[Date "2005.05.16"]
[Round "3"]
[White "Völsgen, Georg"]
[Black "Rath, Oliver"]
[Result "1/2-1/2"]
[Termination "normal"]
[Board "13"]
[WhiteElo "1562"]
[BlackElo "1717"]
[PlyCount "95"]
[WhiteFideId "24635901"]
[BlackFideId "24610380"]
[EventCountry "GER"]
[EventRounds "9"]
[EventType "swiss"]
[EventDate "2005.05.15"]

1. e4 c5 2. Nc3 e6 3. f4 Nc6 4. Nf3 d5 5. Bb5 Nf6 6. e5 Nd7 7. O-O a6 8. Bxc6
bxc6 9. d3 Be7 10. Kh1 h5 11. Bd2 Bb7 12. Qe1 g6 13. Qf2 Qc7 14. Na4 a5 15. a3
Ba6 16. Rab1 Ra7 17. Qe1 Bb7 18. Be3 O-O 19. Qg3 Kh7 20. Ng5+ Bxg5 21. Qxg5 d4
22. Bd2 Qd8 23. Qxd8 Rxd8 24. Be1 Kg7 25. Bh4 Re8 26. Kg1 Ba6 27. b3 Bb5 28.
Nb2 Nb6 29. a4 Ba6 30. Be1 Nd5 31. Bd2 Rb8 32. h3 Nb4 33. Bxb4 cxb4 34. Rbe1 c5
35. g3 Bb7 36. Nc4 Bd5 37. Nd6 Rf8 38. Ne4 Bxe4 39. Rxe4 h4 40. g4 f5 41. exf6+
Kxf6 42. g5+ Kf7 43. Kg2 Ra6 44. Re5 Rc6 45. Kf3 Ke7 46. Kg4 Rh8 47. Rfe1 Kf7
48. R1e2 1/2-1/2

[Event "DEM U14 2005"]
[Site "Willingen GER"]
[Date "2005.05.16"]
[Round "3"]
[White "Zahn, Benno"]
[Black "Fernschild, Daniel"]
[Result "1-0"]
[Termination "normal"]
[Board "14"]
[WhiteElo "1677"]
[BlackElo "1581"]
[PlyCount "135"]
[WhiteFideId "24636070"]
[BlackFideId "4624513"]
[EventCountry "GER"]
[EventRounds "9"]
[EventType "swiss"]
[EventDate "2005.05.15"]

1. d4 e6 2. c4 d5 3. Nc3 Nf6 4. Bg5 Be7 5. Nf3 Nc6 6. e3 O-O 7. a3 a5 8. Qc2 h6
9. Bh4 b6 10. cxd5 exd5 11. Nb5 Bb7 12. Bg3 Bd6 13. Nxd6 cxd6 14. h3 Rc8 15.
Qb3 Ne7 16. Bd3 Ne4 17. Bh2 Bc6 18. O-O Rb8 19. Rfc1 Qd7 20. Qd1 b5 21. b4 a4
22. Rc2 Rfc8 23. Nd2 f5 24. Rac1 Qe6 25. Qe1 Qg6 26. Qe2 Qe6 27. f3 Nf6 28. Kf2
g6 29. Nb1 Qd7 30. Nc3 Re8 31. g4 fxg4 32. hxg4 Rf8 33. Kg2 Rfe8 34. Rh1 Kg7
35. Bf4 g5 36. Bg3 Red8 37. Kf1 Rb7 38. Qh2 Neg8 39. Bf5 Qe7 40. Kf2 Rb6 41. f4
gxf4 42. Bxf4 Kf7 43. Bxh6 Re8 44. Bf4 Bd7 45. Kf3 Bxf5 46. gxf5 Rc6 47. Qg2
Rec8 48. Qg6+ Kf8 49. Rh8 Qf7 50. Rxg8+ Nxg8 51. Bxd6+ Ke8 52. Qxf7+ Kxf7 53.
Bc5 Rf6 54. Nxb5 Rxf5+ 55. Ke2 Rf6 56. Kd3 Rd8 57. Nc3 Ra6 58. b5 Raa8 59. Rb2
Ne7 60. Rb4 Rdb8 61. Bxe7 Kxe7 62. Nxd5+ Kd6 63. Nc3 Ra5 64. Rc4 Kd7 65. Rc5
Kd6 66. Kc4 Kd7 67. Kb4 Rba8 68. d5 1-0

[Event "DEM U14 2005"]
[Site "Willingen GER"]
[Date "2005.05.17"]
[Round "4"]
[White "Bogner, Sebastian"]
[Black "Kaczmarczyk, Dennis"]
[Result "1-0"]
[Termination "normal"]
[Board "1"]
[WhiteElo "2409"]
[BlackElo "1986"]
[PlyCount "115"]
[WhiteFideId "4692055"]
[BlackFideId "24608297"]
[EventCountry "GER"]
[EventRounds "9"]
[EventType "swiss"]
[EventDate "2005.05.15"]

1. e4 e6 2. d4 d5 3. Nd2 Nf6 4. e5 Nfd7 5. f4 c5 6. c3 Nc6 7. Ndf3 Qb6 8. g3
cxd4 9. cxd4 Bb4+ 10. Kf2 g5 11. fxg5 Ndxe5 12. Nxe5 Nxe5 13. Kg2 Nc4 14. Nf3
Bf8 15. b3 Nd6 16. Bd3 Bg7 17. Ba3 Ne4 18. Re1 Bd7 19. Qe2 Bc6 20. Bb2 O-O-O
21. Rac1 Kb8 22. Qe3 f6 23. gxf6 Bxf6 24. Qf4+ Ka8 25. Rc2 Rhf8 26. Qg4 Bh8 27.
Ree2 Bb5 28. Bxb5 Qxb5 29. Nd2 Nf6 30. Qf3 h5 31. Ba3 Rfe8 32. Re1 Qa6 33. Bb4
Ng4 34. h3 Nh6 35. Qxh5 Nf5 36. Nf3 Nxd4 37. Nxd4 Bxd4 38. Rec1 Qb5 39. a4 Qd3
40. Qxe8 Qe4+ 41. Kh2 Qxc2+ 42. Rxc2 Rxe8 43. g4 Be3 44. Kg3 e5 45. Bd2 Bb6 46.
a5 Bd4 47. g5 e4 48. h4 Be5+ 49. Kg4 d4 50. h5 e3 51. Bxe3 dxe3 52. Re2 Bd4 53.
h6 Rf8 54. g6 Rf1 55. Rg2 Rf8 56. g7 Rg8 57. Kf5 Kb8 58. h7 1-0

[Event "DEM U14 2005"]
[Site "Willingen GER"]
[Date "2005.05.17"]
[Round "4"]
[White "Huschenbeth, Niclas"]
[Black "Kim, Oi-sin"]
[Result "1-0"]
[Termination "normal"]
[Board "3"]
[WhiteElo "2115"]
[BlackElo "2056"]
[PlyCount "87"]
[WhiteFideId "24604747"]
[BlackFideId "24605778"]
[EventCountry "GER"]
[EventRounds "9"]
[EventType "swiss"]
[EventDate "2005.05.15"]

1. e4 e5 2. Nf3 Nc6 3. Bb5 Nf6 4. d3 d6 5. c3 Be7 6. O-O O-O 7. Re1 Bg4 8. Nbd2
Nd7 9. h3 Bh5 10. Nf1 Bg6 11. Ne3 f5 12. exf5 Bxf5 13. Nxf5 Rxf5 14. d4 Qf8 15.
Bc4+ Kh8 16. Be6 Rxf3 17. Qxf3 Qxf3 18. gxf3 Nf8 19. Bd5 Bf6 20. Bxc6 bxc6 21.
dxe5 Bxe5 22. f4 Bf6 23. Be3 Ng6 24. Re2 a5 25. a4 Kg8 26. Ra3 Rb8 27. Kf1 Kf7
28. Ke1 Ne7 29. Kd1 Nd5 30. Kc2 Re8 31. Kd3 Rb8 32. Bc1 Kg6 33. Ke4 Kh5 34. Kf3
Kh4 35. Be3 h6 36. Ra1 Rf8 37. Rg1 h5 38. Kg2 Re8 39. Ree1 Re4 40. Kf3 Rc4 41.
Rg4+ hxg4+ 42. hxg4 Rxf4+ 43. Bxf4 Nxf4 44. Kxf4 1-0

[Event "DEM U14 2005"]
[Site "Willingen GER"]
[Date "2005.05.17"]
[Round "4"]
[White "Müller, Reinhold"]
[Black "Zehnter, Sebastian"]
[Result "1/2-1/2"]
[Termination "normal"]
[Board "4"]
[WhiteElo "2122"]
[BlackElo "2033"]
[PlyCount "108"]
[WhiteFideId "24605875"]
[BlackFideId "24608670"]
[EventCountry "GER"]
[EventRounds "9"]
[EventType "swiss"]
[EventDate "2005.05.15"]

1. d4 d5 2. Nf3 Nc6 3. g3 Bg4 4. Bg2 e6 5. O-O Nf6 6. Nbd2 Be7 7. c4 O-O 8.
cxd5 Nxd5 9. Nc4 Bf6 10. Nce5 Nxe5 11. Nxe5 Bxe5 12. dxe5 Qd7 13. Qc2 Qb5 14.
f3 Bh5 15. e4 Nb4 16. Qb3 a6 17. a4 Qa5 18. Bd2 c5 19. Be3 Rfc8 20. g4 Bg6 21.
f4 h6 22. f5 Bh7 23. fxe6 fxe6 24. Qxe6+ Kh8 25. g5 hxg5 26. Bxg5 Rc6 27. Qh3
c4 28. Rf4 Qb6+ 29. Kh1 Nd3 30. Raf1 Nxf4 31. Rxf4 Rc5 32. e6 Qb3 33. e7 Rcc8
34. Qd7 Qxb2 35. h3 Qa3 36. Rh4 Qg3 37. Rg4 Qe5 38. Bf4 Qb2 39. Be3 Qa1+ 40.
Kh2 Qe5+ 41. Kg1 Re8 42. Rxg7 Qxg7 43. Bd4 Rxe7 44. Qd5 Rc8 45. Bxg7+ Rxg7 46.
Kh1 c3 47. Qe6 Rcg8 48. Qf6 c2 49. Qc3 c1=Q+ 50. Qxc1 Rxg2 51. Qc3+ R2g7 52.
Qd4 b5 53. axb5 axb5 54. h4 Bxe4+ 1/2-1/2

[Event "DEM U14 2005"]
[Site "Willingen GER"]
[Date "2005.05.17"]
[Round "4"]
[White "Zeldin, Leonid"]
[Black "Fink, Leander"]
[Result "0-1"]
[Termination "normal"]
[Board "5"]
[WhiteElo "1917"]
[BlackElo "1967"]
[PlyCount "80"]
[WhiteFideId "24636088"]
[BlackFideId "24605247"]
[EventCountry "GER"]
[EventRounds "9"]
[EventType "swiss"]
[EventDate "2005.05.15"]

1. e4 c5 2. c4 Nc6 3. Ne2 e5 4. g3 d6 5. Bg2 f5 6. Nbc3 Nf6 7. d3 Be7 8. O-O
O-O 9. f4 fxe4 10. Nxe4 Nxe4 11. dxe4 Nd4 12. Nxd4 cxd4 13. b3 Be6 14. Ba3 Qd7
15. Rc1 Rac8 16. f5 Bf7 17. h4 a6 18. Rf2 b5 19. cxb5 axb5 20. Rxc8 Rxc8 21.
Rc2 Rxc2 22. Qxc2 d3 23. Qf2 d2 24. Bf3 Qc7 25. Bb4 Qc1+ 26. Qf1 Qb2 27. Qf2
Qxa2 28. Qxd2 Qxd2 29. Bxd2 Bxb3 30. Kf2 Bc4 31. Be2 Bxe2 32. Kxe2 Kf7 33. Kd3
Ke8 34. Kc3 Kd7 35. Bg5 Bf6 36. Kb4 Kc6 37. g4 h6 38. Bxf6 gxf6 39. Kc3 d5 40.
g5 d4+ 0-1